000 00559nam a2200217Ia 4500
003 OSt
005 20220926041917.0
006 a|||||r|||| 00| 0
007 ta
008 220923b |||||||| |||| 00| 0 eng d
037 _cGeneral Book
040 _aRTL
_cRTL
_beng
041 _2eng
_aeng
082 _aX:3N20, XD/G5
100 _aThomas S Evelyn
_9126645
245 0 _aSocial credit business
260 _c1935
650 _aSocial Credit
_9289318
942 _hX:3N20, XD/G5
_cGB
_2CC
999 _c668402
_d668402